000
00414nam a2200133Ia 4500
008
100328s9999 xx 000 0 und d
082
_b
6488
100
_a
सरदेसाई लक्ष्मणराव
245
_a
मधुचंद्र
260
_b
मॅजेस्टिक बुक स्टॉल
630
_a
मधुचंद्र
730
_a
मधुचंद्र
942
_c
BOOK
999
_c
502379
_d
502376